Maloobchodný audit - čo sa nakupuje?

Maloobchodný audit - umožňuje mapovať, ako sa vybrané výrobky či výrobkové skupiny predávajú v rámci maloobchodnej siete. Metódy na zistenie informácií o stave maloobchodných jednotiek - Census a Rolling Census. Vytvorenie reprezentatívnej vzorky obchodov.

Enregistré dans:
Détails bibliographiques
Auteur principal: Obrová, Michaela
Autres auteurs: Červenka, Kamil
Format: Chapitre de livre
Langue:slovaque
Sujets:
Tags: Ajouter un tag
Pas de tags, Soyez le premier à ajouter un tag!

MARC

LEADER 00000naa a2200000 4500
001 r040513
005 20231003111335.0
041 0 |a slo 
044 |a SK 
245 1 0 |a Maloobchodný audit - čo sa nakupuje?  |c Michaela Obrová, Kamil Červenka 
520 |a Maloobchodný audit - umožňuje mapovať, ako sa vybrané výrobky či výrobkové skupiny predávajú v rámci maloobchodnej siete. Metódy na zistenie informácií o stave maloobchodných jednotiek - Census a Rolling Census. Vytvorenie reprezentatívnej vzorky obchodov. 
610 2 0 |a maloobchod 
610 2 0 |a audit 
610 2 0 |a prieskum trhu 
610 2 0 |a metódy 
610 2 0 |a informácie obchodno-ekonomické 
610 2 0 |a zber dát 
610 2 0 |a ACNielsen 
100 1 |a Obrová, Michaela 
700 1 |a Červenka, Kamil